Σχήματα Χωρών από Β - Statistics

General Stats
  • This quiz has been taken 10 times
  • The average score is 8 of 11
Answer Stats
Picture Answer % Correct
Βανουάτου
89%
Βενεζουέλα
89%
Βιετνάμ
89%
Βραζιλία
89%
Βατικανό
67%
Βέλγιο
67%
Βολιβία
67%
Βόρεια Κορέα
67%
Βόρεια Μακεδονία
67%
Βοσνία και Ερζεγοβίνη
56%
Βουλγαρία
56%
No matching quizzes found
Score Distribution
Percent of People with Each Score
Percentile by Number Answered
Your Score History
You have not taken this quiz